[Event "Santa Catarina State-ch (Women) 34th"]
[Site "Rio Negrinho"]
[Date "2021.07.25"]
[Round "7"]
[White "Pereira, Aline Vitoria"]
[Black "Deobrochinski, Valentina Hinke"]
[Result "1-0"]
[WhiteElo "1282"]
[BlackElo "1327"]
[PlyCount "49"]
[EventDate "2021.07.22"]
[EventType "swiss"]
[EventRounds "7"]
[EventCountry "BRA"]
[SourceTitle "EXT 2022"]
[Source "ChessBase"]
[SourceDate "2021.10.06"]
[SourceVersion "1"]
[SourceVersionDate "2021.10.06"]
[SourceQuality "1"]

1. d4 d5 2. c4 e6 3. Nc3 Nf6 4. Bg5 Be7 5. Nf3 Nc6 6. e3 b6 7. cxd5 Nxd5 8. Bxe7 Qxe7 9. e4 Nxc3 10. bxc3 Bb7 11. Bd3 0-0 12. 0-0 Na5 13. Re1 Qa3 14. Qd2 c5 15. e5 cxd4 16. cxd4 Bxf3 17. gxf3 Rfd8 18. Re3 Qb4 19. Re4 Nb3 20. Qc2 Rxd4 21. Rxd4 Qxd4 22. Rd1 Na1 23. Qc6 Rd8 24. Bxh7+ Kxh7 25. Rxd4 1-0

[Event "Santa Catarina State-ch (Women) 34th"]
[Site "Rio Negrinho"]
[Date "2021.07.23"]
[Round "3"]
[White "Deobrochinski, Valentina Hinke"]
[Black "Da Cruz, Karoliny Taiane"]
[Result "0-1"]
[WhiteElo "1327"]
[BlackElo "1779"]
[PlyCount "64"]
[EventDate "2021.07.22"]
[EventType "swiss"]
[EventRounds "7"]
[EventCountry "BRA"]
[SourceTitle "EXT 2022"]
[Source "ChessBase"]
[SourceDate "2021.10.06"]
[SourceVersion "1"]
[SourceVersionDate "2021.10.06"]
[SourceQuality "1"]

1. c4 c5 2. Nc3 Nf6 3. g3 Nc6 4. Bg2 e6 5. e3 Be7 6. Nge2 0-0 7. 0-0 d5 8. cxd5 exd5 9. d4 c4 10. Nf4 Bg4 11. Qc2 Nb4 12. Qd2 Be6 13. Qd1 Qd7 14. b3 Rac8 15. Bb2 Rfd8 16. a3 Na6 17. Rc1 Nc7 18. bxc4 dxc4 19. Nxe6 Qxe6 20. e4 Qb6 21. Na4 Qa6 22. d5 b5 23. Bxf6 Qxf6 24. Nc3 Bxa3 25. Rc2 Bc5 26. Kh1 b4 27. Na4 Bf8 28. Rxc4 Qa6 29. Bh3 Qxc4 30. Bxc8 Rxc8 31. Nb2 Qxe4+ 32. Kg1 Qxd5 0-1

[Event "BRA-ch U16 Girls"]
[Site "Florianopolis"]
[Date "2021.07.04"]
[Round "6"]
[White "Novello, Juliana Brasil"]
[Black "Deobrochinski, Valentina Hinke"]
[Result "0-1"]
[WhiteElo "1180"]
[BlackElo "1327"]
[PlyCount "64"]
[EventDate "2021.07.01"]
[EventType "swiss"]
[EventRounds "6"]
[EventCountry "BRA"]
[SourceTitle "CBM 203 Extra"]
[Source "ChessBase"]
[SourceDate "2021.09.30"]
[SourceVersion "1"]
[SourceVersionDate "2021.09.30"]
[SourceQuality "1"]

1. f4 d5 2. Nf3 e6 3. e3 Bd6 4. b3 Nd7 5. Bb2 Ngf6 6. Bd3 b6 7. 0-0 Bb7 8. Ne5 Qe7 9. Qe2 Ne4 10. Nxd7 Qxd7 11. Bxg7 Rg8 12. Be5 d4 13. Qf3 Nc5 14. e4 Bxe5 15. fxe5 Rg7 16. Qf6 Rg8 17. Qh6 Nxe4 18. Qxh7 Rxg2+ 19. Kh1 Nf2+ 20. Rxf2 Rxf2+ 21. Be4 Bxe4+ 22. Qxe4 Qd5 23. Qxd5 exd5 24. c3 dxc3 25. dxc3 0-0-0 26. Na3 Re2 27. Nb5 Kb7 28. Nd4 Rxe5 29. Rf1 Re7 30. Rf5 c5 31. Nf3 d4 32. cxd4 cxd4 0-1

[Event "BRA-ch U16 Girls"]
[Site "Florianopolis"]
[Date "2021.07.03"]
[Round "4"]
[White "Deobrochinski, Valentina Hinke"]
[Black "Kikuchi Cadilhac, Mariana Sawae"]
[Result "0-1"]
[WhiteElo "1327"]
[BlackElo "1776"]
[PlyCount "114"]
[EventDate "2021.07.01"]
[EventType "swiss"]
[EventRounds "6"]
[EventCountry "BRA"]
[SourceTitle "CBM 203 Extra"]
[Source "ChessBase"]
[SourceDate "2021.09.30"]
[SourceVersion "1"]
[SourceVersionDate "2021.09.30"]
[SourceQuality "1"]

1. c4 e5 2. Nc3 Nc6 3. g3 g6 4. Bg2 Bg7 5. e3 d6 6. Nge2 f5 7. 0-0 Nf6 8. b3 0-0 9. Bb2 g5 10. d4 e4 11. f3 exf3 12. Bxf3 Re8 13. Qd2 Qe7 14. Nd1 Bh6 15. Nec3 Kh8 16. Nd5 Nxd5 17. Bxd5 a5 18. a3 Nd8 19. Qf2 c6 20. Bg2 Kg8 21. d5 c5 22. Rc1 b6 23. Rc2 Ra7 24. Re2 a4 25. Ree1 axb3 26. e4 Qf8 27. exf5 Rxe1 28. Qxe1 Rf7 29. g4 Nb7 30. Qc3 Bg7 31. Qxb3 Na5 32. Qc2 Ba6 33. Ne3 Bxb2 34. Qxb2 Nxc4 35. Nxc4 Bxc4 36. Re1 Re7 37. Qd2 h6 38. Re6 Rxe6 39. dxe6 Qf6 40. Bd5 Qa1+ 41. Kf2 Qf1+ 42. Kg3 Qf4+ 43. Qxf4 gxf4+ 44. Kxf4 Bxd5 45. h4 b5 46. Ke3 Bg2 47. g5 hxg5 48. hxg5 Bh3 49. Ke4 b4 50. axb4 cxb4 51. Kd4 Bxf5 52. Kc4 Bxe6+ 53. Kxb4 Kg7 54. Kc3 Kg6 55. Kd4 Kxg5 56. Ke4 Kg4 57. Kd4 Kf4 0-1

[Event "Santa Catarina-ch (Women)"]
[Site "Lages"]
[Date "2020.02.14"]
[Round "2"]
[White "Toffoli, Vanessa"]
[Black "Deobrochinski, Valentina Hinke"]
[Result "0-1"]
[WhiteElo "1041"]
[BlackElo "1204"]
[PlyCount "56"]
[EventDate "2020.02.14"]
[EventType "swiss"]
[EventRounds "6"]
[EventCountry "BRA"]
[SourceTitle "CBM 195 Extra"]
[Source "ChessBase"]
[SourceDate "2020.05.31"]
[SourceVersion "1"]
[SourceVersionDate "2020.05.31"]
[SourceQuality "1"]

1. e4 d5 2. f3 Nc6 3. d4 dxe4 4. fxe4 Qxd4 5. Qxd4 Nxd4 6. Be3 Nxc2+ 7. Kd2 Nxa1 8. Nc3 e5 9. Nf3 f6 10. Bc4 Bd7 11. Rxa1 0-0-0 12. Kc2 b6 13. Rd1 Bb4 14. Nd5 c6 15. Ba6+ Kb8 16. Nxb4 Ne7 17. Kb1 Be6 18. Rc1 c5 19. Bxc5 bxc5 20. Rxc5 Bc8 21. Bc4 Bb7 22. Rb5 Rc8 23. Nd2 Ka8 24. Be6 Rc7 25. Bd5 Rhc8 26. a3 Nxd5 27. Nxd5 Rc5 28. Rxc5 Rxc5 0-1

[Event "Florianopolis op 6th"]
[Site "Florianopolis"]
[Date "2020.01.25"]
[Round "9"]
[White "Deobrochinski, Valentina Hinke"]
[Black "Niehues, Luiz Cesar"]
[Result "0-1"]
[WhiteElo "1191"]
[BlackElo "1507"]
[PlyCount "68"]
[EventDate "2020.01.20"]
[EventType "swiss"]
[EventRounds "10"]
[EventCountry "BRA"]
[SourceTitle "CBM 194 Extra"]
[Source "ChessBase"]
[SourceDate "2020.03.31"]
[SourceVersion "1"]
[SourceVersionDate "2020.03.31"]
[SourceQuality "1"]

1. d4 Nf6 2. c4 g6 3. Nc3 Bg7 4. e4 d6 5. f3 0-0 6. Be3 c5 7. d5 Re8 8. Qd2 Nbd7 9. 0-0-0 a6 10. Bh6 Bh8 11. g4 Ne5 12. h4 Nexg4 13. fxg4 Bxg4 14. Re1 Nh5 15. Be2 Bxe2 16. Ngxe2 b5 17. Qd3 bxc4 18. Qxc4 Qb6 19. Nf4 Nxf4 20. Bxf4 h5 21. e5 Rab8 22. b3 Qa5 23. Kb2 Rb4 24. Qf1 Reb8 25. Rh3 c4 26. Nb1 Qxd5 27. Qf3 Rxb3+ 28. axb3 Rxb3+ 29. Qxb3 cxb3 30. Rxb3 Bxe5+ 31. Bxe5 dxe5 32. Nc3 Qd2+ 33. Ka3 Qxe1 34. Nd5 Qa5+ 0-1

[Event "Florianopolis op 6th"]
[Site "Florianopolis"]
[Date "2020.01.24"]
[Round "7"]
[White "Deobrochinski, Valentina Hinke"]
[Black "Koinski, Carlos Cesar"]
[Result "0-1"]
[WhiteElo "1191"]
[BlackElo "1511"]
[PlyCount "66"]
[EventDate "2020.01.20"]
[EventType "swiss"]
[EventRounds "10"]
[EventCountry "BRA"]
[SourceTitle "CBM 194 Extra"]
[Source "ChessBase"]
[SourceDate "2020.03.31"]
[SourceVersion "1"]
[SourceVersionDate "2020.03.31"]
[SourceQuality "1"]

1. d4 d5 2. e3 Nf6 3. Bd3 g6 4. c4 c6 5. Nc3 Bg7 6. f3 dxc4 7. Bxc4 e6 8. e4 Nbd7 9. Nge2 0-0 10. Be3 e5 11. d5 cxd5 12. Bxd5 Nb6 13. Qd2 Nfxd5 14. Nxd5 Nxd5 15. exd5 b6 16. 0-0-0 Bb7 17. Rhg1 Qd7 18. Nc3 f5 19. Rgf1 Ba6 20. Rf2 f4 21. Bxf4 exf4 22. Ne4 Rfd8 23. Ng5 Rac8+ 24. Kb1 Qf5+ 25. Ne4 Bb7 26. d6 Bxe4+ 27. fxe4 Qxe4+ 28. Ka1 Rd7 29. Re2 Qf5 30. h3 Kh8 31. g4 fxg3 32. Re7 h5 33. Rxd7 Qxd7 0-1

[Event "Florianopolis op 6th"]
[Site "Florianopolis"]
[Date "2020.01.22"]
[Round "4"]
[White "Perutti, Rafael"]
[Black "Deobrochinski, Valentina Hinke"]
[Result "1-0"]
[WhiteElo "1560"]
[BlackElo "1191"]
[PlyCount "127"]
[EventDate "2020.01.20"]
[EventType "swiss"]
[EventRounds "10"]
[EventCountry "BRA"]
[SourceTitle "CBM 194 Extra"]
[Source "ChessBase"]
[SourceDate "2020.03.31"]
[SourceVersion "1"]
[SourceVersionDate "2020.03.31"]
[SourceQuality "1"]

1. d4 Nf6 2. c4 g6 3. Nf3 Bg7 4. Nc3 d6 5. Bg5 Nbd7 6. Qd2 0-0 7. e4 Re8 8. Bh6 e5 9. Bxg7 Kxg7 10. d5 Nc5 11. Qc2 Bd7 12. b4 Na6 13. a3 c6 14. dxc6 bxc6 15. c5 Nc7 16. cxd6 Nb5 17. Bxb5 cxb5 18. 0-0 Bc6 19. Rad1 Rc8 20. Qd3 Qd7 21. Nd2 Re6 22. Nb3 Rd8 23. Nc5 Rxd6 24. Nxd7 Rxd3 25. Rxd3 Rxd7 26. Rxd7 Bxd7 27. f3 a6 28. Nd5 Nxd5 29. exd5 f5 30. Rc1 Kf8 31. d6 Kf7 32. Kf2 Ke6 33. Rd1 Bc6 34. Ke3 Kd7 35. g3 Ke6 36. h3 Kd7 37. h4 Ke6 38. Rd2 Kd7 39. g4 f4+ 40. Kf2 Ke6 41. Rd3 Kd7 42. g5 Ke6 43. h5 Kd7 44. hxg6 hxg6 45. Rd1 Ke6 46. Rh1 Kxd6 47. Rh6 Be8 48. Rh7 Bd7 49. Rg7 Bf5 50. Rg8 e4 51. fxe4 Bxe4 52. Rg7 Ke5 53. Ra7 Kf5 54. Rxa6 Kxg5 55. a4 bxa4 56. Rxa4 Kf5 57. b5 g5 58. b6 g4 59. Rxe4 Kxe4 60. b7 g3+ 61. Kg2 f3+ 62. Kxg3 Ke3 63. b8Q Ke2 64. Qf4 1-0

[Event "Florianopolis op 6th"]
[Site "Florianopolis"]
[Date "2020.01.21"]
[Round "2"]
[White "Japiassu, Glauco Antonio Beze"]
[Black "Deobrochinski, Valentina Hinke"]
[Result "1-0"]
[WhiteElo "1522"]
[BlackElo "1191"]
[PlyCount "67"]
[EventDate "2020.01.20"]
[EventType "swiss"]
[EventRounds "10"]
[EventCountry "BRA"]
[SourceTitle "CBM 194 Extra"]
[Source "ChessBase"]
[SourceDate "2020.03.31"]
[SourceVersion "1"]
[SourceVersionDate "2020.03.31"]
[SourceQuality "1"]

1. d4 d5 2. Bf4 Nf6 3. e3 g6 4. c3 Bg7 5. Nd2 0-0 6. Ngf3 Nc6 7. Bd3 Bg4 8. h3 Bxf3 9. Nxf3 Ne4 10. Bxe4 dxe4 11. Nd2 f5 12. Qb3+ Kh8 13. Qxb7 e5 14. Qxc6 exf4 15. exf4 Re8 16. Nc4 Qe7 17. Ne5 Rab8 18. Rb1 Rb6 19. Qc4 Qe6 20. Qxe6 Rexe6 21. 0-0 Ra6 22. a3 c5 23. d5 Re7 24. Nc6 Re8 25. c4 Rb6 26. b3 e3 27. fxe3 Rxe3 28. Rfe1 Bd4 29. Nxd4 cxd4 30. Rxe3 dxe3 31. Kf1 Rb7 32. Ke2 Re7 33. d6 Rd7 34. c5 1-0

[Event "Sao Bento do Sul op"]
[Site "Sao Bento do Sul"]
[Date "2019.08.23"]
[Round "2"]
[White "Liebl, Livia"]
[Black "Deobrochinski, Valentina Hinke"]
[Result "1-0"]
[WhiteElo "1521"]
[BlackElo "1197"]
[PlyCount "101"]
[EventDate "2019.08.23"]
[EventType "swiss"]
[EventRounds "7"]
[EventCountry "BRA"]
[SourceTitle "EXT 2020"]
[Source "ChessBase"]
[SourceDate "2019.10.17"]
[SourceVersion "1"]
[SourceVersionDate "2019.10.17"]
[SourceQuality "1"]

1. d4 d5 2. e3 e6 3. f4 f5 4. Nf3 Nf6 5. Bd3 Bd6 6. Ne5 Bxe5 7. fxe5 Ne4 8. 0-0 0-0 9. Nd2 Qg5 10. Nf3 Qg6 11. Bd2 Nd7 12. c4 c6 13. Qe1 Nb6 14. c5 Nc4 15. Bxc4 dxc4 16. Rc1 b6 17. Rxc4 Ba6 18. Rc1 Bxf1 19. Qxf1 bxc5 20. dxc5 Rad8 21. Ba5 Rb8 22. b4 f4 23. Qe2 Qh6 24. Rc4 Qg6 25. Qc2 Ng5 26. Qxg6 Nxf3+ 27. gxf3 hxg6 28. exf4 Rf5 29. Kg2 g5 30. fxg5 Rxg5+ 31. Kf2 Rxe5 32. Bc7 Rxc5 33. Rxc5 Rxb4 34. Kg3 Ra4 35. Rxc6 Rxa2 36. Rxe6 a5 37. Ra6 a4 38. Be5 g6 39. Rxg6+ Kf7 40. Ra6 Ke7 41. h4 Kf7 42. h5 Kg8 43. h6 Kh7 44. Bf4 Ra1 45. Ra7+ Kg6 46. Rg7+ Kf6 47. Bg5+ Kf5 48. Be3 Rh1 49. h7 a3 50. Bd4 a2 51. Ra7 1-0

[Event "Sao Bento do Sul op 05"]
[Site "Sao Bento do Sul"]
[Date "2019.05.19"]
[Round "7"]
[White "Da Cunha, Matheus Mengarda"]
[Black "Deobrochinski, Valentina Hinke"]
[Result "1/2-1/2"]
[WhiteElo "1324"]
[BlackElo "1070"]
[PlyCount "99"]
[EventDate "2019.05.17"]
[EventType "swiss"]
[EventRounds "7"]
[EventCountry "BRA"]
[SourceTitle "CBM 195 Extra"]
[Source "ChessBase"]
[SourceDate "2020.05.31"]
[SourceVersion "1"]
[SourceVersionDate "2020.05.31"]
[SourceQuality "1"]

1. e4 d5 2. exd5 Nf6 3. Nc3 c6 4. d3 cxd5 5. Nge2 e5 6. d4 Nc6 7. dxe5 Nxe5 8. Bf4 Nc6 9. g3 Bb4 10. a3 Bxc3+ 11. Nxc3 0-0 12. Bg2 Re8+ 13. Ne2 b6 14. 0-0 Ba6 15. Re1 Bxe2 16. Rxe2 Rxe2 17. Qxe2 Rc8 18. Bh3 Qe8 19. Re1 Nd4 20. Qxe8+ Rxe8 21. Rxe8+ Nxe8 22. c3 Nf3+ 23. Kf1 Nf6 24. Bf5 Nxh2+ 25. Kg2 Nhg4 26. Bxg4 Nxg4 27. Bb8 a6 28. b3 Nf6 29. c4 Kf8 30. f4 Ke7 31. Kf3 h6 32. Ke3 g6 33. Kd4 Ke6 34. Be5 dxc4 35. bxc4 Nd7 36. Bc7 f5 37. Bd8 Kd6 38. Bxb6 Kc6 39. c5 g5 40. Ke3 Nf6 41. Bd8 Nh5 42. fxg5 hxg5 43. Bxg5 Nxg3 44. Be7 Ne4 45. Kf4 Nxc5 46. Kxf5 Kd5 47. Kf4 Kc4 48. Ke5 Na4 49. Bb4 Nc3 50. Kd6 1/2-1/2

[Event "Sao Bento do Sul op 05"]
[Site "Sao Bento do Sul"]
[Date "2019.05.18"]
[Round "4"]
[White "Deobrochinski, Valentina Hinke"]
[Black "Frohlich, Mateus Henrique"]
[Result "0-1"]
[WhiteElo "1070"]
[BlackElo "1319"]
[PlyCount "72"]
[EventDate "2019.05.17"]
[EventType "swiss"]
[EventRounds "7"]
[EventCountry "BRA"]
[SourceTitle "CBM 195 Extra"]
[Source "ChessBase"]
[SourceDate "2020.05.31"]
[SourceVersion "1"]
[SourceVersionDate "2020.05.31"]
[SourceQuality "1"]

1. d4 d5 2. e3 Nf6 3. c4 e6 4. f4 c5 5. Nf3 dxc4 6. Bxc4 cxd4 7. Qxd4 Qxd4 8. Nxd4 Bc5 9. Nf3 0-0 10. 0-0 Nc6 11. Nc3 Ng4 12. Re1 Na5 13. Bd3 Rd8 14. Bf1 Nc6 15. h3 Nf6 16. b3 Nb4 17. Re2 Rd3 18. Na4 Be7 19. Nb2 Rd8 20. Rd2 Bd7 21. Ne5 Bc5 22. Re2 Bb5 23. Nbc4 Nbd5 24. Bd2 Nxf4 25. Ree1 Bxc4 26. Nxc4 b5 27. b4 bxc4 28. bxc5 Nxh3+ 29. gxh3 Rxd2 30. Bxc4 Rc8 31. Red1 Rxd1+ 32. Rxd1 g6 33. Ba6 Rxc5 34. Rd8+ Kg7 35. Ra8 Rc1+ 36. Kf2 Rc2+ 0-1

[Event "Sao Bento do Sul op 10"]
[Site "Sao Bento do Sul"]
[Date "2018.10.19"]
[Round "1"]
[White "Cordioli, Jairo Ribeiro"]
[Black "Deobrochinski, Valentina Hinke"]
[Result "1-0"]
[WhiteElo "1837"]
[BlackElo "1095"]
[PlyCount "21"]
[EventDate "2018.10.19"]
[EventType "swiss"]
[EventRounds "7"]
[EventCountry "BRA"]
[SourceTitle "EXT 2021"]
[Source "ChessBase"]
[SourceDate "2020.10.23"]
[SourceVersion "1"]
[SourceVersionDate "2020.10.23"]
[SourceQuality "1"]

1. d4 d5 2. c4 c6 3. Nf3 e6 4. Nc3 b6 5. g3 Nf6 6. Bg2 Bd6 7. 0-0 Bb7 8. Bg5 Be7 9. cxd5 Nxd5 10. e4 Nb4 11. Bxe7 1-0